| 000 | 00541nam a22001577a 4500 | ||
|---|---|---|---|
| 005 | 20240613160434.0 | ||
| 008 | 240613b |||||||| |||| 00| 0 eng d | ||
| 082 |
_a954.9143 _bSYE-L |
||
| 100 | _aSyed Muhammad latif Khan Bahadur | ||
| 245 |
_aLahore: _bIts history, Agricultural Remains and Antiquities, with an account of its modern institutions, Inhabitants,Their trade,customs. _cGoogle. |
||
| 260 |
_aPakistan : _c1892. |
||
| 300 |
_axii, 426 p. _bill ; _c30 cm . |
||
| 500 | _aInclude Index. | ||
| 650 | _aArchitecture | ||
| 999 |
_c35934 _d35934 |
||